| 000 | 00560nam a22001577a 4500 | ||
|---|---|---|---|
| 010 | _aBACEN26 | ||
| 020 |
_a9789366498362 _c990.00 |
||
| 037 | _bUnique Publishers | ||
| 082 | _a500 | ||
| 100 |
_aGitanjali _987937 |
||
| 245 |
_aMathematics: A Complete Resource Manual M.Sc. Entrance Examination / _cby Gitanjali |
||
| 260 |
_aNew Delhi _bUnique Publishers _c2026 |
||
| 270 |
_aJ-2/1, Block B-1, Mohan Cooperative Industrial Estate, Mathura Road _bNew Delhi _e110044 _k011-41076666 |
||
| 300 |
_a694p. _c28cm(pb) |
||
| 942 |
_2ddc _cEN _h500 _mGIT |
||
| 999 |
_c215017 _d215017 |
||